Statistics for Subdivisions of York County, Pennsylvania - Map Quiz

Click here to take the quiz!

General Stats

  • This quiz has been taken 8 times
  • The average score is 20 of 88

Answers on the Map

Answers color-coded by a green-red scale on the quiz's map according to % correct below.
 

Answer Stats

Answer% Correct
East York
60%
Hallam
60%
Fairview Township
40%
Hanover
40%
Monaghan Township
40%
Mount Wolf
40%
New Salem
40%
North Codorus Township
40%
Springfield Township
40%
York
40%
York Haven
40%
York Township
40%
Carroll Township
20%
Chanceford Township
20%
Codorus Township
20%
Conewago Township
20%
Cross Roads
20%
Dallastown
20%
Delta
20%
Dillsburg
20%
Dover
20%
Dover Township
20%
East Hopewell Township
20%
East Manchester Township
20%
East Prospect
20%
East York Township
20%
Ernigsville
20%
Fawn Grove
20%
Fawn Township
20%
Felton
20%
Franklintown
20%
Franklin Township
20%
Glen Rock
20%
Goldsboro
20%
Grantley
20%
Heidelberg Township
20%
Hellam Township
20%
Hopewell Township
20%
Jackson Township
20%
Jacobus
20%
Jefferson
20%
Lewisberry
20%
Loganville
20%
Lower Chanceford Township
20%
Lower Windsor Township
20%
Manchester
20%
Manchester Township
20%
Manheim Township
20%
Newberry Township
20%
New Freedom
20%
North Hopewell Township
20%
North York
20%
Paradise Township
20%
Parkville
20%
Peach Bottom Township
20%
Penn Township
20%
Pennville
20%
Queens Gate
20%
Railroad
20%
Red Lion
20%
Seven Valleys
20%
Shiloh
20%
Shrewsbury
20%
Shrewsbury Township
20%
Springettsbury Township
20%
Spring Garden Township
20%
Spring Grove
20%
Spry
20%
Stewartstown
20%
Stonybrook
20%
Susquehanna Trails
20%
Tyler Run
20%
Valley Green
20%
Valley View
20%
Warrington Township
20%
Washington Township
20%
Weigelstown
20%
Wellsville
20%
West Manchester Township
20%
West Manheim Township
20%
West York
20%
Windsor
20%
Windsor Township
20%
Winterstown
20%
Wrightsville
20%
Yoe
20%
Yorkana
20%
Yorklyn
20%

Score Distribution

Percentile by Number Answered

Percent of People with Each Score

Your Score History

You have not taken this quiz